Pohjois-Korea-visa - Statistics

Yleistilastot
  • Tätä visaa on pelattu 536 kertaa
  • Keskiarvotulos 11 / 21
Vastaustilastot
Vinkki Vastaus % Oikein
Teknisesti ottaen Pohjois-Korea on edelleen sodassa tämän valtion kanssa Etelä-Korea
86%
Pohjois-Korean korkeimmat johtajat Kim {Jong}-{un}
86%
Pääkaupunki Pjongjang
82%
Pohjois-Korealla on lyhyt, vain 17 km pitkä raja tämän valtion kanssa Venäjä
82%
Pohjois-Korea testasi tällaista ensimmäisen kerran vuonna 2006 Ydinase
77%
Pohjois-Korean korkeimmat johtajat Kim {Jong}-{il}
68%
Katastrofi, joka runteli Pohjois-Koreaa vuosina 1994–1998 Nälänhätä
61%
Asia, johon Pohjois-Korea kuluttaa arviolta 13–23 % bruttokansantuotteestaan Armeija
57%
Vuonna 2011 Pohjois-Korean perustuslakia muutettiin poistamalla siitä viittaukset tähän "ismiin" {Kommun}ismi
56%
Pohjois-Korean korkeimmat johtajat Kim {Il}-{sung}
51%
Missä ulkomaisessa kaupungissa suurin osa Pohjois-Korean suurlähetystöistä sijaitsee Peking
51%
Pohjois-Koreassa on arviolta 200 000 tällaista - joista tuhansia kuolee vuosittain {Mielipide}vanki
50%
Pohjois-Korean rajalla sijaitseva 250 km pitkä ja 4 km leveä vyöhyke {Demilitarisoitu} vyöhyke
48%
Meri Pohjois-Korean ja Kiinan välillä Keltainenmeri
43%
Rŭngrado 5-ŏl 1-il kyŏnggijang, johon mahtuu 114 000 ihmistä, on maailman suurin ___ Stadion
37%
Pohjois-Korean valuutta Pohjois-Korean won
35%
Amerikkalainen koripalloilija, joka on Pohjois-Korean johtajan läheinen ystävä Dennis Rodman
28%
Pohjois-Korean korkein rakennus, joka 33 vuoden rakentamisen jälkeen on yhä keskeneräinen Ryugyong-{hotelli}
28%
Pohjois-Korean virallinen valtion "uskonto" Ateismi
26%
Virallinen valtionideologia (alkaa kirjaimella J) Juche
26%
Vuonna 1978 Pohjois-Korea sieppasi Shin Sang-okin ja Choi Eun-heen ja pakotti heidät tekemään näitä Elokuvia
19%
Ehtoja vastaavia visoja ei löytynyt
Tulosjakauma
Jokaisen tuloksen saaneiden osuus
Persentiili vastausten määrän mukaan
Tuloshistoriasi
Et ole pelannut tätä visaa